LEADER 00627nam a2200181 i 4500 001 000000103093 003 CaOOAMICUS 005 20260408092859.0 008 010914s1986 it u000 u ita u 040 $aSeMil$bita 245 10$a13: Perf-Po. 300 $a1146 p. 773 0 $aBattaglia, Salvatore <1904-1971>$tGrande dizionario della lingua italiana.$dTorino : UTET, 1961-2009.$g13$w()6614 850 $aSeMil 852 $aSeMil$W1$xVenegono$y1$mSL1.A V 13$j269821$B59554$CSeMilBibl$Z2$F44043 $8I 961 $aSottoscrizione: UTET (Agente) 996 $6245$a13: Perf-Po$9(OLS)http://semarc/title/149830